<?xml version="1.0" encoding="UTF-8"?><?xml-stylesheet type="text/xsl" href="static/style.xsl"?><OAI-PMH xmlns="http://www.openarchives.org/OAI/2.0/" xmlns:xsi="http://www.w3.org/2001/XMLSchema-instance" xsi:schemaLocation="http://www.openarchives.org/OAI/2.0/ http://www.openarchives.org/OAI/2.0/OAI-PMH.xsd"><responseDate>2026-06-06T04:19:39Z</responseDate><request verb="GetRecord" identifier="oai:riuma.uma.es:10630/36450" metadataPrefix="marc">https://riuma.uma.es/rest/oai/request</request><GetRecord><record><header><identifier>oai:riuma.uma.es:10630/36450</identifier><datestamp>2026-02-03T11:32:38Z</datestamp><setSpec>com_10630_2254</setSpec><setSpec>col_10630_37953</setSpec></header><metadata><record xmlns="http://www.loc.gov/MARC21/slim" xmlns:dcterms="http://purl.org/dc/terms/" xmlns:doc="http://www.lyncode.com/xoai" xmlns:xsi="http://www.w3.org/2001/XMLSchema-instance" xsi:schemaLocation="http://www.loc.gov/MARC21/slim http://www.loc.gov/standards/marcxml/schema/MARC21slim.xsd">
   <leader>00925njm 22002777a 4500</leader>
   <datafield ind2=" " ind1=" " tag="042">
      <subfield code="a">dc</subfield>
   </datafield>
   <datafield ind2=" " ind1=" " tag="720">
      <subfield code="a">Castillo-Díaz, Ana</subfield>
      <subfield code="e">author</subfield>
   </datafield>
   <datafield ind2=" " ind1=" " tag="720">
      <subfield code="a">Vire-Riascos, José Javier</subfield>
      <subfield code="e">author</subfield>
   </datafield>
   <datafield ind2=" " ind1=" " tag="260">
      <subfield code="c">2023</subfield>
   </datafield>
   <datafield ind2=" " ind1=" " tag="520">
      <subfield code="a">El artículo presenta un estudio de caso sobre la percepción y los parámetros de evaluación de la gestión de comunicación por parte de los directores generales de las organizaciones feriales afiliadas a la Asociación Internacional de Ferias de América AFIDA. La investigación se realizó a través de entrevistas semiestructuradas a directores de organizaciones feriales que además, conforman o han conformado el directorio de AFIDA y que asistieron al 51 Congreso Latinoamericano de la Industria de Ferias y Convenciones, realizado en Bogotá en abril de 2022. También se aplicó una encuesta a los restantes directores generales asistentes al  congreso.  En  los  instrumentos  de  recolección  de  información  se  incluyó  preguntas referentes a: influencia y competencia de los directores de comunicación, presupuesto del departamento, alineación de objetivos comunicacionales, resultados a obtener, métodos de evaluación  e  informes  de  resultados  comunicacionales.  Los  resultados  más  relevantes muestran  que  la  percepción  de  los  directores  sobre  la  gestión  de comunicación  es  más operativa que estratégica, la principal función del director de comunicación es asesorar a la alta gerencia, los objetivos comunicacionales tienen poca alineación con los organizacionales y  existe  debilidad de  los  Dircom  para  gestionar e incluir  en  los  informes  índices organizacionales y financieros.</subfield>
   </datafield>
   <datafield ind1="8" ind2=" " tag="024">
      <subfield code="a">Vire Riascos, J. J., &amp; Castillo Díaz, A. (2023). ¿Cómo evaluar al dircom? El caso de las organizaciones feriales de Iberoamérica afiliadas a AFIDA. Revista Internacional De Relaciones Públicas, 13(25), 55–72. https://doi.org/10.5783/revrrpp.v13i25.799</subfield>
   </datafield>
   <datafield ind1="8" ind2=" " tag="024">
      <subfield code="a">https://hdl.handle.net/10630/36450</subfield>
   </datafield>
   <datafield ind1="8" ind2=" " tag="024">
      <subfield code="a">10.5783/revrrpp.v13i25.799</subfield>
   </datafield>
   <datafield tag="653" ind2=" " ind1=" ">
      <subfield code="a">Comunicación en las organizaciones</subfield>
   </datafield>
   <datafield ind2="0" ind1="0" tag="245">
      <subfield code="a">¿Cómo evaluar al Dircom? El caso de las organizaciones feriales de Iberoamérica afiliadas a AFIDA.</subfield>
   </datafield>
</record>
</metadata></record></GetRecord></OAI-PMH>